| 000 | 00689nam a2200193 i 4500 | ||
|---|---|---|---|
| 001 | 63700 | ||
| 003 | ES-MaACL | ||
| 005 | 20230906164939.0 | ||
| 007 | t| | ||
| 008 | 031216s1955 sp ||||1| spa d | ||
| 100 | 1 |
_aField, Samuel. _950699 |
|
| 245 | 1 | 0 |
_aRecubrimientos electrolíticos _b: técnicas modernas y análisis de baños / _cpor Samuel Field y A. Dudley Weill ; versión por S. Terol Alonso. |
| 260 |
_aBarcelona : _bGustavo Gili, _c1955 ( _fImp. Escuela de la Casa Provincial de Caridad) |
||
| 300 |
_a678 p. ; _c20 cm. |
||
| 650 | 0 | 4 |
_aGalvanoplastia. _913025 |
| 700 | 1 |
_aWeill, Dudley. _9116341 |
|
| 700 | 1 |
_aTerol Alonso, S. _9109760 |
|
| 852 |
_aES-MaACL _jC-9707 _bR.37863 |
||
| 999 |
_c63700 _d63700 |
||